| 000 | 00807nam a22002415a 4500 | ||
|---|---|---|---|
| 005 | 20171214151135.0 | ||
| 008 | 110420s2010 si a frb 001 0 eng d | ||
| 020 | _a9810681445 | ||
| 020 | _a9789810681449 | ||
| 040 |
_aEG-ScBUE _beng _cEG-ScBUE _dEG-ScBUE |
||
| 082 | 0 | 4 |
_a670.42 _bKAL _222 |
| 100 | 1 |
_aKalpakjian, Serope. _923239 |
|
| 245 | 1 | 0 |
_aManufacturing engineering and technology / _cSerope Kalpakjian, Steven R. Schmid & Hamidon Musa |
| 250 | _a6th ed. | ||
| 260 |
_aSingapore : _bPrentice Hall, _c2010. |
||
| 300 |
_axvii, 1180 p. : _bill. ; _c26 cm. |
||
| 504 | _aIncludes bibliographical references and index. | ||
| 650 | 7 |
_aProduction engineering. _2BUEsh _923240 |
|
| 650 | 7 |
_aManufacturing processes. _2BUEsh _923241 |
|
| 651 | _2BUEsh | ||
| 653 |
_bENGELC _cDecember2017 |
||
| 942 | _2ddc | ||
| 999 |
_c15159 _d15159 |
||